[Event "4NCL Division One"]
[Site "Daventry, ENG"]
[Date "2023.03.18"]
[Round "7.36"]
[White "Kirk, Ezra"]
[Black "Csonka, Balazs"]
[Result "1/2-1/2"]
[WhiteElo "2432"]
[BlackElo "2494"]
[PlyCount "73"]
[EventDate "2023.03.18"]
[WhiteTeam "Cheddleton"]
[BlackTeam "Chess.com Manx Liberty"]

1. e4 e5 2. Nf3 Nc6 3. Nc3 Nf6 4. Bb5 Nd4 5. Bc4 Bc5 6. d3 d6 7. Nxd4 Bxd4 8.
Qf3 Bxc3+ 9. bxc3 Be6 10. Bb3 h6 11. O-O O-O 12. Rb1 b6 13. Ba4 Kh7 14. Bc6 Rb8
15. Qe2 Bxa2 16. Ra1 Be6 17. Rxa7 Bd7 18. Bxd7 Qxd7 19. f4 Ra8 20. Rxa8 Rxa8
21. h3 Ra1 22. fxe5 dxe5 23. Kh2 Qe6 24. c4 Kg8 25. Qe1 Nd7 26. Qc3 Ra8 27. Be3
f6 28. Qe1 Ra2 29. Qb1 Ra8 30. Rf3 Nf8 31. c5 bxc5 32. Bxc5 Qc6 33. Bxf8 Rxf8
34. Qb3+ Kh7 35. Rf1 Qc5 36. Ra1 Qf2 37. Qc3 1/2-1/2

[Event "4NCL Division One"]
[Site "Daventry, ENG"]
[Date "2023.03.18"]
[Round "7.37"]
[White "Kolbus, Dietmar"]
[Black "Arkell, Keith C"]
[Result "1/2-1/2"]
[WhiteElo "2273"]
[BlackElo "2395"]
[PlyCount "90"]
[EventDate "2023.03.18"]
[WhiteTeam "Chess.com Manx Liberty"]
[BlackTeam "Cheddleton"]

1. d4 e6 2. Nf3 Nf6 3. g3 b5 4. Bg2 Bb7 5. O-O c5 6. c3 Be7 7. Nbd2 O-O 8. b3
d5 9. dxc5 Bxc5 10. Bb2 Nbd7 11. a4 a6 12. axb5 axb5 13. c4 Qb6 14. cxd5 Bxd5
15. e3 Rxa1 16. Qxa1 Ra8 17. Qb1 Qb7 18. Rd1 Bc6 19. Ne1 Bxg2 20. Nxg2 Bb4 21.
h4 e5 22. Ne1 Re8 23. Ndf3 Bxe1 24. Nxe1 Qa6 25. Nf3 Qe6 26. Ba1 h6 27. Qc2 Ra8
28. Bb2 Ng4 29. e4 Ndf6 30. Rd2 Rc8 31. Qd3 Qc6 32. Nxe5 Nxe5 33. Bxe5 Nxe4 34.
Rd1 Qc2 35. Qxc2 Rxc2 36. Rd8+ Kh7 37. Rb8 Nxf2 38. Rxb5 Nd3 39. Bd6 Rb2 40. b4
Kg6 41. h5+ Kf6 42. Bf8 g6 43. Bxh6 gxh5 44. Rxh5 Kg6 45. Rd5 Kxh6 1/2-1/2

[Event "4NCL Division One"]
[Site "Daventry, ENG"]
[Date "2023.03.18"]
[Round "7.38"]
[White "Steil-Antoni, Fiona"]
[Black "Terbe, Julianna"]
[Result "0-1"]
[WhiteElo "2185"]
[BlackElo "2263"]
[PlyCount "120"]
[EventDate "2023.03.18"]
[WhiteTeam "Cheddleton"]
[BlackTeam "Chess.com Manx Liberty"]

1. e4 e5 2. Nf3 Nc6 3. Bc4 Nf6 4. d3 h6 5. c3 d6 6. Bb3 g6 7. Nbd2 Bg7 8. O-O
O-O 9. Re1 Re8 10. Nf1 Be6 11. Bxe6 Rxe6 12. Qb3 Rb8 13. Ne3 Re8 14. Bd2 Ne7
15. Rad1 c6 16. h3 Qc7 17. g4 d5 18. Nf1 Rbd8 19. Ng3 c5 20. Kg2 Nc6 21. g5
hxg5 22. Bxg5 c4 23. dxc4 Na5 24. Qa4 dxc4 25. Rxd8 Rxd8 26. Qb5 a6 27. Qxe5
Qb6 28. Be3 Qb5 29. Qxb5 axb5 30. Bb6 Ra8 31. Bxa5 Rxa5 32. a3 Nd7 33. Rd1 Nc5
34. Rd8+ Bf8 35. Ne5 Kg7 36. Nd7 Be7 37. Re8 Nxd7 38. Rxe7 Nc5 39. e5 Kf8 40.
Rc7 Nd3 41. Rxb7 Nxb2 42. Ne4 Nd3 43. Nd6 Nxe5 44. Nxb5 Ra6 45. Rc7 Rf6 46. a4
Nd3 47. Rxc4 Rxf2+ 48. Kg3 Ra2 49. Nd6 f5 50. Kh4 Rg2 51. Ne4 fxe4 52. Rxe4 Kg7
53. Rg4 Ra2 54. Kg5 Ne5 55. Re4 Nf7+ 56. Kg4 Ra3 57. h4 Rxc3 58. h5 g5 59. Rb4
Nh6+ 60. Kxg5 Rg3+ 0-1

[Event "4NCL Division One"]
[Site "Daventry, ENG"]
[Date "2023.03.18"]
[Round "7.41"]
[White "Murphy, Conor E"]
[Black "Kozusek, Daniel"]
[Result "1-0"]
[WhiteElo "2442"]
[BlackElo "2328"]
[PlyCount "80"]
[EventDate "2023.03.18"]
[WhiteTeam "Cambridge University 1"]
[BlackTeam "West is Best 1"]

1. e4 c5 2. Nf3 Nc6 3. Nc3 Nf6 4. Bb5 Nd4 5. e5 Nxb5 6. Nxb5 Nd5 7. O-O Nc7 8.
Nxc7+ Qxc7 9. d4 cxd4 10. Qxd4 b6 11. Bf4 e6 12. Rfd1 Bb7 13. Qd3 Qc6 14. Rd2
Be7 15. h4 h6 16. Rad1 g5 17. Bg3 O-O-O 18. h5 g4 19. Ne1 Kb8 20. Qe2 Rhg8 21.
Rd4 Rg7 22. Rxg4 Ba6 23. Qe4 Qxe4 24. Rxe4 Bb7 25. Rf4 Bc5 26. Bh4 Rdg8 27.
Rxd7 f5 28. Rxg7 Rxg7 29. b4 Bf8 30. Rd4 Kc7 31. a3 Rd7 32. Rxd7+ Kxd7 33. f3
a5 34. Nd3 Ba6 35. Be1 Bxd3 36. cxd3 Kc6 37. bxa5 Bxa3 38. axb6 Bb2 39. Bd2
Bd4+ 40. Kf1 Kd5 1-0

[Event "4NCL Division One"]
[Site "Daventry, ENG"]
[Date "2023.03.18"]
[Round "7.42"]
[White "Cooper, John G"]
[Black "Bisby, Daniel L"]
[Result "1-0"]
[WhiteElo "2255"]
[BlackElo "2294"]
[PlyCount "49"]
[EventDate "2023.03.18"]
[WhiteTeam "West is Best 1"]
[BlackTeam "Cambridge University 1"]

1. c4 Nf6 2. Nc3 g6 3. e4 d6 4. d4 Bg7 5. Be2 O-O 6. Bg5 c5 7. d5 h6 8. Be3 e6
9. dxe6 Bxe6 10. Qd2 Nc6 11. Bxh6 Bxh6 12. Qxh6 Nd4 13. O-O-O b5 14. h4 b4 15.
h5 Nxe2+ 16. Ncxe2 Ng4 17. Qf4 g5 18. Qg3 Qa5 19. Kb1 f5 20. Nh3 fxe4 21. Nxg5
Bxc4 22. Nc1 Nf6 23. Nxe4+ Kh8 24. Rxd6 Nxe4 25. Rh6# 1-0

[Event "4NCL Division One"]
[Site "Daventry, ENG"]
[Date "2023.03.18"]
[Round "7.43"]
[White "McClement, Andrew"]
[Black "Jones, Steven A"]
[Result "1-0"]
[WhiteElo "2212"]
[BlackElo "2143"]
[PlyCount "67"]
[EventDate "2023.03.18"]
[WhiteTeam "Cambridge University 1"]
[BlackTeam "West is Best 1"]

1. e4 c5 2. Nf3 Nc6 3. d4 cxd4 4. Nxd4 Nf6 5. Nc3 e5 6. Ndb5 d6 7. Bg5 a6 8.
Na3 b5 9. Nd5 Be7 10. Bxf6 Bxf6 11. c3 Ne7 12. Nxf6+ gxf6 13. Qf3 f5 14. exf5
d5 15. f6 Ng6 16. Rd1 Be6 17. g3 e4 18. Qe3 Qxf6 19. Be2 O-O 20. Nc2 Ne5 21.
O-O Bh3 22. Rfe1 Rad8 23. Nb4 Qe6 24. Qc5 Qf5 25. Rxd5 Nf3+ 26. Kh1 Rxd5 27.
Nxd5 Kg7 28. Rd1 Qh5 29. Qd4+ f6 30. Qxe4 Bg4 31. h4 Re8 32. Qf4 Rxe2 33. Qxf6+
Kg8 34. Nf4 1-0

[Event "4NCL Division One"]
[Site "Daventry, ENG"]
[Date "2023.03.18"]
[Round "7.44"]
[White "Macfarlane, Donald"]
[Black "Hill, Alistair"]
[Result "1-0"]
[WhiteElo "2187"]
[BlackElo "2174"]
[PlyCount "55"]
[EventDate "2023.03.18"]
[WhiteTeam "West is Best 1"]
[BlackTeam "Cambridge University 1"]

1. c4 Nf6 2. Nf3 c5 3. d4 cxd4 4. Nxd4 e6 5. Nc3 d5 6. Nc2 Nc6 7. cxd5 exd5 8.
e3 Bc5 9. Be2 O-O 10. O-O Bf5 11. Nb5 Rc8 12. Ncd4 Be4 13. b3 Nxd4 14. Nxd4 Bd6
15. Bb2 Bb8 16. Rc1 Qd6 17. g3 Qd7 18. f3 Bg6 19. Bd3 a6 20. Qd2 Qh3 21. Rxc8
Rxc8 22. Rc1 Rxc1+ 23. Bxc1 Nd7 24. Bf1 Qh5 25. Qb4 Qe5 26. Qxb7 Nf8 27. Nc6
Qc7 28. Qxb8 1-0

[Event "4NCL Division One"]
[Site "Daventry, ENG"]
[Date "2023.03.18"]
[Round "7.45"]
[White "Robertson, J Stuart"]
[Black "Redmond, John P."]
[Result "1/2-1/2"]
[WhiteElo "2159"]
[BlackElo "2186"]
[PlyCount "74"]
[EventDate "2023.03.18"]
[WhiteTeam "Cambridge University 1"]
[BlackTeam "West is Best 1"]

1. d4 e6 2. c4 f5 3. g3 Nf6 4. Bg2 d5 5. Nc3 c6 6. Qc2 Bd6 7. Nh3 O-O 8. O-O
Na6 9. Rd1 Bd7 10. Bf4 Be7 11. a3 b5 12. cxb5 cxb5 13. Qd3 Qb6 14. b4 Rfc8 15.
Rac1 Rc4 16. f3 Rac8 17. e4 e5 18. Bxe5 fxe4 19. fxe4 dxe4 20. Qd2 Nxb4 21.
Bxf6 Bxf6 22. axb4 Rxd4 23. Qf2 Rxc3 24. Nf4 Rxd1+ 25. Rxd1 Qxf2+ 26. Kxf2 Rc2+
27. Ke3 Rc3+ 28. Kxe4 Bc6+ 29. Nd5 Rc2 30. Bf3 Rxh2 31. Rc1 Bxd5+ 32. Kxd5 Rd2+
33. Ke6 Rd8 34. Bc6 Rc8 35. Kd7 Rd8+ 36. Ke6 Rc8 37. Kd7 Rd8+ 1/2-1/2

[Event "4NCL Division One"]
[Site "Daventry, ENG"]
[Date "2023.03.18"]
[Round "7.46"]
[White "Kett, Tim"]
[Black "Stewart, Ashley"]
[Result "0-1"]
[WhiteElo "2124"]
[BlackElo "2055"]
[PlyCount "78"]
[EventDate "2023.03.18"]
[WhiteTeam "West is Best 1"]
[BlackTeam "Cambridge University 1"]

1. e4 c5 2. Be2 Nc6 3. f4 g6 4. Nf3 Bg7 5. O-O e6 6. d3 Nge7 7. Qe1 O-O 8. c3
d5 9. Nbd2 b6 10. Qh4 Ba6 11. e5 Nf5 12. Qh3 Rc8 13. Rf2 f6 14. exf6 Qxf6 15.
Nf1 Rce8 16. g4 Nd6 17. Ng3 Bc8 18. Qg2 Bb7 19. Bd2 d4 20. Raf1 Qe7 21. Qh3 b5
22. Ng5 h6 23. N5e4 Nxe4 24. Nxe4 dxc3 25. bxc3 b4 26. cxb4 cxb4 27. Be3 Nd4
28. Bd1 Rc8 29. Bb3 Nxb3 30. axb3 Bxe4 31. dxe4 Rc3 32. Rf3 Rxb3 33. f5 Rxe3
34. Rxe3 Bd4 35. Qxh6 Qg7 36. Qf4 gxf5 37. exf5 Rxf5 38. Qe4 Bxe3+ 39. Qxe3
Qxg4+ 0-1

[Event "4NCL Division One"]
[Site "Daventry, ENG"]
[Date "2023.03.18"]
[Round "7.47"]
[White "Starley, Robert"]
[Black "Zeidler, Sven P."]
[Result "1-0"]
[WhiteElo "2056"]
[BlackElo "2137"]
[PlyCount "65"]
[EventDate "2023.03.18"]
[WhiteTeam "Cambridge University 1"]
[BlackTeam "West is Best 1"]

1. e4 Nc6 2. Nf3 d6 3. d4 Nf6 4. Nc3 g6 5. Be3 Bg7 6. h3 O-O 7. Qd2 a6 8. g4 e5
9. d5 Na7 10. O-O-O Nb5 11. Bd3 Bd7 12. g5 Nh5 13. Ne2 f5 14. gxf6 Qxf6 15. Ng5
Nf4 16. Rdg1 c6 17. dxc6 Nxd3+ 18. Qxd3 bxc6 19. Rg3 Nd4 20. Rhg1 d5 21. h4 h6
22. Bxd4 exd4 23. Ne6 dxe4 24. Qxe4 Qxe6 25. Qxe6+ Bxe6 26. Rxg6 Rxf2 27. Rxg7+
Kh8 28. R7g6 Bf5 29. Rxh6+ Bh7 30. Nxd4 Rd8 31. Rxc6 Rxd4 32. Rc8+ Bg8 33.
Rgxg8+ 1-0

[Event "4NCL Division One"]
[Site "Daventry, ENG"]
[Date "2023.03.18"]
[Round "7.51"]
[White "Chow, Samuel"]
[Black "Fernandez, Daniel Howard"]
[Result "0-1"]
[WhiteElo "2410"]
[BlackElo "2498"]
[PlyCount "92"]
[EventDate "2023.03.18"]
[WhiteTeam "Chessable White Rose 2"]
[BlackTeam "Wood Green Youth"]

1. c4 c6 2. d4 d5 3. Nc3 e6 4. e4 dxe4 5. Nxe4 Bb4+ 6. Nc3 e5 7. Be3 exd4 8.
Qxd4 Qxd4 9. Bxd4 f6 10. a3 Ba5 11. O-O-O Ne7 12. Ne4 Nf5 13. Bc5 Bc7 14. Bb4
h5 15. Bd3 Kf7 16. Bc3 Nd6 17. Nf3 Nxe4 18. Bxe4 h4 19. h3 Nd7 20. Rhe1 Rh5 21.
Bc2 Nb6 22. b3 Bf5 23. Bxf5 Rxf5 24. Re2 Re8 25. Rde1 Rxe2 26. Rxe2 g5 27. Kc2
Nd7 28. Rd2 Nc5 29. b4 Ne6 30. Rd7+ Ke8 31. Rh7 b5 32. c5 a6 33. Kb3 Be5 34.
Rh8+ Kf7 35. Rh7+ Kg6 36. Re7 Nf4 37. Bxe5 Nxg2 38. Nd4 Rxe5 39. Rxe5 fxe5 40.
Nxc6 Kf6 41. Nd8 g4 42. c6 Ke7 43. Nf7 gxh3 44. Nxe5 h2 45. c7 h1=Q 46. c8=Q
Qb1+ 0-1

[Event "4NCL Division One"]
[Site "Daventry, ENG"]
[Date "2023.03.18"]
[Round "7.52"]
[White "Royal, Shreyas"]
[Black "Wall, Tim P"]
[Result "1-0"]
[WhiteElo "2452"]
[BlackElo "2255"]
[PlyCount "81"]
[EventDate "2023.03.18"]
[WhiteTeam "Wood Green Youth"]
[BlackTeam "Chessable White Rose 2"]

1. Nf3 g6 2. c4 Bg7 3. Nc3 d6 4. d4 e5 5. e3 Nd7 6. Be2 Ngf6 7. O-O O-O 8. b4
Re8 9. Qc2 e4 10. Nd2 Qe7 11. Bb2 Nf8 12. Rfc1 Bf5 13. Nd5 Nxd5 14. cxd5 Rac8
15. Qa4 a6 16. Rc2 Nd7 17. Qb3 Nf6 18. Rac1 h5 19. h3 h4 20. Nf1 g5 21. Nh2 Qd7
22. b5 a5 23. b6 a4 24. Qb5 cxb6 25. Qxb6 Nxd5 26. Qa5 Ne7 27. Bb5 Nc6 28. Qxa4
d5 29. Rc5 Bf8 30. Qd1 Bxc5 31. dxc5 Qe6 32. Qh5 f6 33. Ng4 Rf8 34. Nh6+ Kg7
35. Qxg5+ Bg6 36. Ng4 Ne5 37. Qh6+ Kf7 38. Bxe5 fxe5 39. Bd7 Qe7 40. Bxc8 Rxc8
41. Rf1 1-0

[Event "4NCL Division One"]
[Site "Daventry, ENG"]
[Date "2023.03.18"]
[Round "7.53"]
[White "Walton, Alan J"]
[Black "Willow, Jonah B"]
[Result "0-1"]
[WhiteElo "2163"]
[BlackElo "2459"]
[PlyCount "142"]
[EventDate "2023.03.18"]
[WhiteTeam "Chessable White Rose 2"]
[BlackTeam "Wood Green Youth"]

1. d4 Nf6 2. Bg5 d5 3. Bxf6 gxf6 4. c4 e5 5. e3 exd4 6. Qxd4 Nc6 7. Qxd5 Qxd5
8. cxd5 Nb4 9. Bb5+ c6 10. dxc6 bxc6 11. Ba4 Ba6 12. Ne2 Nd3+ 13. Kf1 O-O-O 14.
Nbc3 Nxb2 15. Bxc6 Rd2 16. Bb5 Bb7 17. Nd4 Bb4 18. Rc1 Bxc3 19. Rxc3+ Kb8 20.
Be2 Na4 21. Rc2 Rxc2 22. Nxc2 Rd8 23. Nd4 Rc8 24. Bd1 Nb2 25. Bc2 Be4 26. Bxe4
Rc1+ 27. Ke2 Rxh1 28. Bxh7 Rxh2 29. Be4 Rh5 30. Nc6+ Kc7 31. Nxa7 Na4 32. Bd3
Nc3+ 33. Kd2 Rc5 34. a4 Nxa4 35. Nb5+ Kd8 36. Nd4 Rh5 37. Be4 Nc5 38. Bf3 Rh1
39. Bd5 Rb1 40. f4 Rb2+ 41. Kc3 Na4+ 42. Kd3 Ke7 43. g4 Rb1 44. Bf3 Nc5+ 45.
Kc4 Rc1+ 46. Kd5 Ne6 47. Nf5+ Kf8 48. Nd4 Rf1 49. Ke4 Nc5+ 50. Kf5 Re1 51. Nc2
Rc1 52. Nb4 Kg7 53. g5 fxg5 54. Kxg5 Rg1+ 55. Kh4 Nb3 56. Nd5 Nd2 57. Bg4 Ne4
58. Bf3 Nd6 59. e4 Re1 60. e5 Nf5+ 61. Kg5 Nd4 62. Bg4 Rg1 63. Nf6 Ne6+ 64. Kf5
Rf1 65. Nd5 Re1 66. Nf6 Kf8 67. Nd5 Rg1 68. Ne3 Nc5 69. Kg5 Ne4+ 70. Kf5 Nf2
71. Kg5 Rg3 0-1

[Event "4NCL Division One"]
[Site "Daventry, ENG"]
[Date "2023.03.18"]
[Round "7.54"]
[White "Czopor, Maciej"]
[Black "Chan, Sheng Liang Bernard"]
[Result "1/2-1/2"]
[WhiteElo "2408"]
[BlackElo "2163"]
[PlyCount "75"]
[EventDate "2023.03.18"]
[WhiteTeam "Wood Green Youth"]
[BlackTeam "Chessable White Rose 2"]

1. d4 Nf6 2. Nf3 d5 3. Bf4 e6 4. e3 Bd6 5. Bg3 O-O 6. Nbd2 c5 7. c3 b6 8. Bd3
Bb7 9. Ne5 Nc6 10. O-O Qc7 11. f4 Ne7 12. Qf3 Nf5 13. Bf2 Be7 14. Ng4 Nxg4 15.
Qxg4 Nd6 16. Bh4 Ne4 17. Bxe7 Qxe7 18. Rad1 Bc6 19. Nxe4 dxe4 20. Bc2 Bd5 21.
b3 c4 22. f5 exf5 23. Rxf5 cxb3 24. axb3 Bb7 25. Rf4 Rae8 26. Rdf1 g6 27. Rf6
Bc8 28. Qf4 Bf5 29. Qh4 Kg7 30. R1xf5 gxf5 31. Qg5+ Kh8 32. Qxf5 Qa3 33. Bxe4
Qc1+ 34. Kf2 Qd2+ 35. Kf1 Qd1+ 36. Kf2 Qd2+ 37. Kf3 Qd1+ 38. Kf2 1/2-1/2

[Event "4NCL Division One"]
[Site "Daventry, ENG"]
[Date "2023.03.18"]
[Round "7.55"]
[White "Shaw, Peter"]
[Black "O'Donnell, Conor"]
[Result "0-1"]
[WhiteElo "2071"]
[BlackElo "2339"]
[PlyCount "76"]
[EventDate "2023.03.18"]
[WhiteTeam "Chessable White Rose 2"]
[BlackTeam "Wood Green Youth"]

1. d4 d5 2. c4 e6 3. Nc3 Nf6 4. Bg5 dxc4 5. e3 c5 6. Bxc4 cxd4 7. exd4 Be7 8.
Nf3 O-O 9. O-O Nc6 10. Re1 b6 11. a3 Bb7 12. Rc1 h6 13. Bh4 Nh5 14. Bg3 Nxg3
15. hxg3 Bf6 16. Ne2 Qd6 17. Qd2 Rfd8 18. Red1 Ne7 19. Bd3 Nf5 20. Bxf5 exf5
21. Qf4 Qe6 22. Qe3 Qa2 23. Rd2 Re8 24. Qf4 Qe6 25. Rdc2 Be4 26. Rd2 Rac8 27.
Nc3 Qb3 28. Re1 Bc2 29. Rc1 Be4 30. Re1 Bxf3 31. Rxe8+ Rxe8 32. Qxf3 Bg5 33.
Re2 Rxe2 34. Qxe2 Bc1 35. d5 Bxb2 36. Qe8+ Kh7 37. Qxf7 Qxc3 38. d6 Qf6 0-1

[Event "4NCL Division One"]
[Site "Daventry, ENG"]
[Date "2023.03.18"]
[Round "7.56"]
[White "Yao, Lan"]
[Black "Kisteneva, Liza"]
[Result "1-0"]
[WhiteElo "2287"]
[BlackElo "2057"]
[PlyCount "59"]
[EventDate "2023.03.18"]
[WhiteTeam "Wood Green Youth"]
[BlackTeam "Chessable White Rose 2"]

1. e4 c5 2. Nf3 d6 3. d4 cxd4 4. Nxd4 Nf6 5. Nc3 a6 6. Bg5 e6 7. f4 Qc7 8. Qf3
b5 9. O-O-O b4 10. Nd5 exd5 11. Bxf6 gxf6 12. exd5 Bh6 13. Bd3 Nd7 14. Rhe1+
Kf8 15. Nf5 Ne5 16. Rxe5 fxe5 17. Nxh6 e4 18. Qxe4 Kg7 19. f5 f6 20. Qh4 Ra7
21. Ng4 Qd8 22. Qh6+ Kf7 23. Re1 Rg8 24. Qxh7+ Kf8 25. Qxa7 Rxg4 26. Qf2 Bb7
27. h3 Rg5 28. g4 Bxd5 29. Qd4 Bg2 30. Re6 1-0

[Event "4NCL Division One"]
[Site "Daventry, ENG"]
[Date "2023.03.18"]
[Round "7.57"]
[White "Arnott, Jonathan W"]
[Black "Hunt, Harriet V"]
[Result "0-1"]
[WhiteElo "2082"]
[BlackElo "2343"]
[PlyCount "132"]
[EventDate "2023.03.18"]
[WhiteTeam "Chessable White Rose 2"]
[BlackTeam "Wood Green Youth"]

1. e4 c5 2. Be2 Nc6 3. d3 g6 4. f4 Bg7 5. Nf3 e6 6. O-O Nge7 7. c3 d5 8. e5 b6
9. d4 Bb7 10. a4 Rc8 11. Na3 a6 12. Nc2 Na5 13. Ne3 Nf5 14. Nxf5 exf5 15. b3
O-O 16. Ba3 Re8 17. b4 cxb4 18. cxb4 Nc4 19. Qb3 Bf8 20. Bxc4 dxc4 21. Qc3 Qd5
22. Rf2 b5 23. axb5 axb5 24. Bc1 Ra8 25. Rfa2 Rxa2 26. Rxa2 Ra8 27. Rxa8 Bxa8
28. Kf2 Qe4 29. Bd2 Bd5 30. Qe3 Qc2 31. Qc3 Qd1 32. Ne1 Be4 33. Qe3 Be7 34. Bc3
Bd5 35. Qe2 Qb1 36. Qc2 Qb3 37. Qxb3 cxb3 38. Nd3 Kf8 39. g3 Ke8 40. Nc5 h6 41.
h4 Kd8 42. Ke3 Kc7 43. Kd2 Kc6 44. Bb2 g5 45. hxg5 hxg5 46. Kc3 gxf4 47. gxf4
Bh4 48. Nxb3 Bxb3 49. Kxb3 Kd5 50. Kc2 Bg3 51. Kd3 Bxf4 52. Bc3 Bc1 53. Be1 Bb2
54. Bf2 f4 55. Bg1 Ba3 56. Kc3 Ke4 57. Bf2 Bc1 58. d5 Kxd5 59. Kd3 Bb2 60. Bc5
Bxe5 61. Bf2 f3 62. Bh4 Bd4 63. Be7 Bf2 64. Bf8 Be1 65. Bc5 f2 66. Ke2 Kc4 0-1

[Event "4NCL Division One"]
[Site "Daventry, ENG"]
[Date "2023.03.18"]
[Round "7.58"]
[White "Stoyanov, Viktor"]
[Black "Burnett, Jim"]
[Result "1-0"]
[WhiteElo "2251"]
[BlackElo "2042"]
[PlyCount "107"]
[EventDate "2023.03.18"]
[WhiteTeam "Wood Green Youth"]
[BlackTeam "Chessable White Rose 2"]

1. c4 e6 2. g3 d5 3. Bg2 c6 4. Qc2 Nf6 5. Nf3 Be7 6. O-O O-O 7. d4 Nbd7 8. Nbd2
b6 9. e4 Ba6 10. b3 Rc8 11. Bb2 Qc7 12. Rfe1 Rfd8 13. Rac1 Qb8 14. h4 h6 15. e5
Ne8 16. a3 Nc7 17. Bf1 Bb7 18. cxd5 Nxd5 19. Qe4 c5 20. Bd3 Nf8 21. Qe2 cxd4
22. Nxd4 Rxc1 23. Rxc1 Rc8 24. Nc4 Qc7 25. Qe1 Qd8 26. Be4 a6 27. Rd1 Qc7 28.
Bg2 Ba8 29. Rc1 Qd8 30. Nd2 Nd7 31. b4 b5 32. N4b3 Rxc1 33. Qxc1 Qc7 34. Qxc7
Nxc7 35. Bd4 Bxg2 36. Kxg2 Kf8 37. Na5 f6 38. Nc6 fxe5 39. Nxe5 Nxe5 40. Bxe5
Nd5 41. Kf3 g6 42. Bd4 Ke8 43. Ke4 Kd7 44. Nf3 Bd6 45. Be5 Bf8 46. Bd4 Bd6 47.
Ne5+ Kc7 48. Nxg6 a5 49. bxa5 Bxa3 50. a6 Bd6 51. g4 b4 52. Kd3 Nf4+ 53. Nxf4
Bxf4 54. Be3 1-0

[Event "4NCL Division One"]
[Site "Daventry, ENG"]
[Date "2023.03.18"]
[Round "7.61"]
[White "Ledger, Andrew J"]
[Black "Freeman, Gordon"]
[Result "0-1"]
[WhiteElo "2353"]
[BlackElo "2218"]
[PlyCount "90"]
[EventDate "2023.03.18"]
[WhiteTeam "Blackthorne"]
[BlackTeam "Gonzaga"]

1. d4 d5 2. c4 Nc6 3. Nc3 Nf6 4. cxd5 Nxd5 5. Nf3 e5 6. dxe5 Bb4 7. Bd2 Nxc3 8.
bxc3 Ba5 9. e3 O-O 10. Qa4 Bb6 11. c4 Qe7 12. Bc3 Bg4 13. Be2 Bxf3 14. Bxf3
Nxe5 15. Be2 Rad8 16. O-O Nd3 17. Qc2 Qe4 18. Rac1 Nxc1 19. Qxc1 f6 20. Qb2
Rfe8 21. Rc1 Qf5 22. Bf3 c6 23. h3 Re7 24. Bg4 Qg5 25. Kh1 h5 26. Bf3 Red7 27.
Qb3 Kh8 28. Rd1 Rxd1+ 29. Bxd1 Qf5 30. Bf3 Qd3 31. Kg1 h4 32. Qb2 Qd6 33. Kf1
Qd3+ 34. Be2 Qd6 35. Qc2 Qh2 36. Bf3 Bc5 37. Ke2 Qd6 38. Qb1 a6 39. Ke1 Qh2 40.
Ke2 Qd6 41. Ke1 b5 42. cxb5 cxb5 43. Qf5 b4 44. Qh5+ Kg8 45. Be4 bxc3 0-1

[Event "4NCL Division One"]
[Site "Daventry, ENG"]
[Date "2023.03.18"]
[Round "7.62"]
[White "Delaney, Killian"]
[Black "Ansell, Simon T"]
[Result "1/2-1/2"]
[WhiteElo "2300"]
[BlackElo "2436"]
[PlyCount "49"]
[EventDate "2023.03.18"]
[WhiteTeam "Gonzaga"]
[BlackTeam "Blackthorne"]

1. Nf3 d5 2. c4 c6 3. e3 Nf6 4. Nc3 a6 5. Qb3 e6 6. a4 Nbd7 7. d4 Bd6 8. Bd2
O-O 9. Bd3 Qe7 10. h3 dxc4 11. Bxc4 e5 12. dxe5 Nxe5 13. Nxe5 Qxe5 14. f4 Qe7
15. O-O Bf5 16. a5 Rad8 17. Rae1 Bc5 18. Rf2 Ne4 19. Nxe4 Bxe4 20. f5 Qh4 21.
Bb4 Bxb4 22. Qxb4 Bd5 23. e4 Bxc4 24. Qxc4 Rfe8 25. Qb3 1/2-1/2

[Event "4NCL Division One"]
[Site "Daventry, ENG"]
[Date "2023.03.18"]
[Round "7.63"]
[White "Gormally, Daniel W"]
[Black "Wall, Gavin"]
[Result "0-1"]
[WhiteElo "2441"]
[BlackElo "2294"]
[PlyCount "78"]
[EventDate "2023.03.18"]
[WhiteTeam "Blackthorne"]
[BlackTeam "Gonzaga"]

1. e4 e5 2. Nf3 d6 3. d4 exd4 4. Nxd4 Nf6 5. Nc3 Be7 6. Bf4 O-O 7. Qd2 Nc6 8.
O-O-O Nxd4 9. Qxd4 Be6 10. Qe3 Ng4 11. Qf3 Bf6 12. h3 Ne5 13. Qg3 Qe8 14. h4
Qc6 15. Bg5 Ng4 16. Be2 Bxc3 17. Bxg4 Be5 18. f4 Bxg4 19. Qxg4 Qxe4 20. Qg3 f6
21. Bh6 Bxb2+ 22. Kxb2 Qg6 23. Bg5 fxg5 24. hxg5 Rae8 25. Rh4 Re4 26. Qb3+ Qf7
27. Qxb7 Rxf4 28. Rxf4 Qxf4 29. Qxc7 Qe5+ 30. Kb1 Qb5+ 31. Ka1 Rb8 32. Qc3 Qxg5
33. Re1 Qxg2 34. Qc4+ d5 35. Qd4 Qxc2 36. Qxd5+ Kh8 37. Qe5 Rg8 38. Rg1 h6 39.
Qd4 a5 0-1

[Event "4NCL Division One"]
[Site "Daventry, ENG"]
[Date "2023.03.18"]
[Round "7.64"]
[White "Thorarinsson, Pall A."]
[Black "Bates, Richard A"]
[Result "0-1"]
[WhiteElo "2210"]
[BlackElo "2330"]
[PlyCount "42"]
[EventDate "2023.03.18"]
[WhiteTeam "Gonzaga"]
[BlackTeam "Blackthorne"]

1. d4 Nf6 2. c4 e6 3. Nc3 Bb4 4. Qc2 Nc6 5. Nf3 d6 6. Bd2 O-O 7. a3 Bxc3 8.
Bxc3 Qe7 9. e3 e5 10. d5 Nb8 11. Bd3 Nbd7 12. Nd2 Nc5 13. O-O Bd7 14. f4 exf4
15. Rae1 Rfe8 16. exf4 Qxe1 17. Rxe1 Rxe1+ 18. Kf2 Rae8 19. Bxf6 gxf6 20. Bxh7+
Kg7 21. Bd3 Rc1 0-1

[Event "4NCL Division One"]
[Site "Daventry, ENG"]
[Date "2023.03.18"]
[Round "7.65"]
[White "Duncan, Chris R"]
[Black "Venkatesan, Kavin"]
[Result "1/2-1/2"]
[WhiteElo "2252"]
[BlackElo "2154"]
[PlyCount "51"]
[EventDate "2023.03.18"]
[WhiteTeam "Blackthorne"]
[BlackTeam "Gonzaga"]

1. e4 c5 2. Nc3 Nc6 3. Bb5 Nd4 4. Nf3 g6 5. Nxd4 cxd4 6. Ne2 Bg7 7. O-O e5 8.
c3 Ne7 9. cxd4 exd4 10. d3 O-O 11. Bg5 h6 12. Bf4 d5 13. Qd2 Qb6 14. Ba4 dxe4
15. dxe4 Bg4 16. h3 Bxe2 17. Qxe2 Rfd8 18. Qd2 g5 19. Bg3 Ng6 20. Rac1 Rac8 21.
Bb3 Rxc1 22. Rxc1 Rd7 23. Kh1 Kh7 24. f3 d3 25. Ba4 Qxb2 26. Qxb2 1/2-1/2

[Event "4NCL Division One"]
[Site "Daventry, ENG"]
[Date "2023.03.18"]
[Round "7.66"]
[White "Bourached, Anthony"]
[Black "Webb, Laurence E"]
[Result "0-1"]
[WhiteElo "2183"]
[BlackElo "2266"]
[PlyCount "90"]
[EventDate "2023.03.18"]
[WhiteTeam "Gonzaga"]
[BlackTeam "Blackthorne"]

1. d4 Nf6 2. Nc3 d5 3. Bf4 c5 4. e3 cxd4 5. exd4 a6 6. Bd3 Nc6 7. Nce2 Nb4 8.
Nf3 e6 9. O-O Bd7 10. Ne5 Be7 11. c3 Nxd3 12. Qxd3 O-O 13. Rfe1 b5 14. a3 a5
15. b4 Ne4 16. Ng3 Nd6 17. Nh5 Be8 18. Qf3 f6 19. Nd3 Ne4 20. Nc5 Bxc5 21. bxc5
e5 22. Bc1 Qd7 23. Ng3 Bg6 24. Nxe4 Bxe4 25. Qg3 exd4 26. cxd4 b4 27. axb4 axb4
28. Bd2 Qb5 29. Qb3 Rxa1 30. Rxa1 Rb8 31. f3 Qd3 32. Qxd3 Bxd3 33. Ra2 b3 34.
Rb2 Bc4 35. Bc3 Kf7 36. Kf2 Ke6 37. Kg3 Kd7 38. Kf2 Bd3 39. Ke3 Bc2 40. Be1 Kc6
41. Kd2 Ra8 42. Ke3 Ra1 43. Kf2 Rd1 44. Ke2 Rxd4 45. Bf2 Ra4 0-1